01685nam a22003257a 450000500170000000800410001702000180005802000130007604000130008904300120010208200220011424500770013624600280021325000130024126000670025430000340032150501440035565000260049965000410052565300230056665500240058970000380061371000570065194200080070899900170071695201520073395201520088595201610103795201610119820141020144441.0141019s2014 xxk fr 000 0 eng d a9780857111395 a02635364 aEG-ScBUE ae-uk---00222bMARa615.114100aMartindale :bthe complete drug reference /cedited by Alison Brayfield.30aComplete drug reference a38th ed. aLondon :bPharmaceutical Press,c2014e([Rome] :fLEGO S.P.A.) a2 v. (xiv, 4596 p.) ;c29 cm.0 aContents : v. A drug monograhs- v. B preparations, manufacturers, pharmaceutical terms in various languages, general index, Cyrillic index. 0aPharmacopoeias923526 0aPharmacopoeiaszGreat Britain930072 bPPhrmcOctober2014 vreading book9342321 aBrayfield, Alisoneeditor.9362642 aRoyal Pharmaceutical Society of Great Britain936265 2ddc c18470d18442 00102ddc40708BaccahaMAINbMAINc1STd2014-10-19ePurchaseg4200.00h20677l0o615.1141 MARp000036721r2025-07-15 00:00:00v5250.00yREFERENCE 00102ddc40708BaccahaMAINbMAINc1STd2014-10-19ePurchaseg4200.00h20677l0o615.1141 MARp000036722r2025-07-15 00:00:00v5250.00yREFERENCE 00102ddc40708AcademicaMAINbMAINc1STd2016-02-24ePurchaseg4900.00h4867l0o615.1141 MARp000031693r2025-07-15 00:00:00v6125.00yREFERENCEzVOL. B 00102ddc40708AcademicaMAINbMAINc1STd2016-02-24ePurchaseg4900.00h4867l0o615.1141 MARp000031694r2025-10-25 00:00:00v6125.00yREFERENCEzVOL. A